| 000 | 00876cam a2200265 a 4500 | ||
|---|---|---|---|
| 001 | 000005459 | ||
| 005 | 20200929151702.0 | ||
| 008 | 970523s1996 sp a b 000 f spa | ||
| 020 | _a8437614929 | ||
| 040 |
_aDO-SdBNP _cDLC _dDLC |
||
| 082 |
_aPe863.4 _bA366p |
||
| 100 | 1 |
_aAlegría, Ciro, _d1909-1967 _915510 |
|
| 245 | 1 | 4 |
_aLos perros hambrientos / _cCiro Alegría ; edición de Carlos Villanes. |
| 260 |
_aMadrid : _bCátedra, _c1996. |
||
| 300 |
_a278 p. : _bil. ; _c18 cm. |
||
| 490 | 1 |
_aLetras hispánicas _v419 |
|
| 504 | _aIncluye referencias bibliográficas (p. 91-108). | ||
| 600 | 1 | 4 |
_aALEGRÍA, CIRO, _d1909-1967. _915511 |
| 650 | 4 |
_aNovela peruana _912569 |
|
| 650 | 4 |
_aLiteratura peruana _93140 |
|
| 700 | 1 |
_aVillanes Cairo, Carlos, _d1943- _eed. _915512 |
|
| 830 | 0 |
_aLetras hispánicas ; _v419 _94208 |
|
| 910 | _aCatalogación por copia / LC | ||
| 910 | _aWM | ||
| 999 |
_c5259 _d5259 |
||